| 000 | 00621nam a2200205 a 4500 | ||
|---|---|---|---|
| 001 | 2490 | ||
| 003 | CO-ViMGA | ||
| 008 | 141112s2004 ck r 000 u spa d | ||
| 040 |
_aCO-ViMGA _bspa _cCO-ViMGA |
||
| 082 | 0 | 4 | _a635 T872 |
| 100 | 1 |
_aTurchi, Antonio _951431 |
|
| 245 | 1 | 0 | _aGuía práctica de horticultura |
| 250 | _a2a | ||
| 260 |
_aBarcelona : _bCeac, _c1990 |
||
| 300 | _a236 | ||
| 490 | _aGuía de agricultura y ganaderia | ||
| 505 | _aEl terreno 9 - - Abonado 21 - - Riego 29 - - El cultivo de las principales hortalizas 73 - - Hortalizas menores 226 | ||
| 650 | 1 | 4 |
_aHORTICULTURA _9513 |
| 942 |
_2ddc _cBK |
||
| 999 |
_c14569 _d14569 |
||